| 000 | 00982cam a2200265 4500 | ||
|---|---|---|---|
| 001 | WS114715 | ||
| 008 | 010921n 000 0 eng u | ||
| 035 | _a(Sirsi) u114715 | ||
| 110 |
_aEuropean Group of Surveyors _94139 |
||
| 245 | _aEuropean Group of Surveyors | ||
| 520 | _aWeb site for this organisation set up to represent non-geodetic surveying professionals in Europe. Includes pages on EU legislation, education and training, mutual recognition and EU enlargement. | ||
| 650 | _aEUROPE | ||
| 650 | _aINTERNATIONAL | ||
| 650 | _aORGANISATION | ||
| 650 | _aEU LEGISLATION | ||
| 650 | _aMUTUAL RECOGNITION | ||
| 650 | _aEU ENLARGEMENT | ||
| 650 | _a1992 GROUP OF SURVEYORS | ||
| 650 | _aEURO SURV | ||
| 650 | _aEURO GEO PASSPORT | ||
| 650 | _aQUALITY ASSURANCE | ||
| 690 | _aMANAGEMENT-BUSINESS MANAGEMENT-PROFESSIONAL PRACTICE | ||
| 856 | 4 | 0 |
_uhttps://www.european-surveyors.org _zView the website free of charge at www.european-surveyors.org... |
| 942 | _n0 | ||
| 999 |
_c119906 _d119906 |
||